| 000 | 00442nam a2200157 4500 | ||
|---|---|---|---|
| 001 | 122114 | ||
| 003 | ES-MaACL | ||
| 005 | 20230906191918.0 | ||
| 007 | t| | ||
| 008 | 070214s1973 sp r ||||1| spa d | ||
| 100 | 1 |
_aPrieto, Fernando. _993882 |
|
| 245 | 1 | 0 |
_aApuntes históricos del movimiento obrero español / _cFernando Prieto. |
| 260 |
_aBilbao : _bZero, _c1973. |
||
| 300 |
_a107 p. ; _c17 cm. |
||
| 852 |
_aES-MaACL _jC-52634 _bR.85682 |
||
| 999 |
_c122114 _d122114 |
||